Luật doanh nghiệp
Những quy định chung về Luật doanh nghiệp. Thành lập và đăng ký kinh doanh. Khái niệm, tổ chức, quyền và nghĩa vụ của các thành viên trong công ty trách nhiệm hữu hạn, công ty cổ phần, công ty hợp danh, doanh nghiệp tư nhân. Tổ chức lại, giải t...
Gardado en:
| Autor Principal: | |
|---|---|
| Formato: | Libro |
| Idioma: | Undetermined |
| Publicado: |
Đồng Nai
Nhà xuất bản Đồng Nai
1999
|
| Những chủ đề: | |
| Các nhãn: |
Engadir etiqueta
Sen Etiquetas, Sexa o primeiro en etiquetar este rexistro!
|
| Thư viện lưu trữ: | Trung tâm Học liệu Trường Đại học Cần Thơ |
|---|
| LEADER | 01012nam a2200217Ia 4500 | ||
|---|---|---|---|
| 001 | CTU_41531 | ||
| 008 | 210402s9999 xx 000 0 und d | ||
| 020 | |c 15000 | ||
| 082 | |a 346.065 | ||
| 082 | |b Th455 | ||
| 100 | |a Nguyễn, Văn Thông | ||
| 245 | 0 | |a Luật doanh nghiệp | |
| 245 | 0 | |c Nguyễn Văn Thông | |
| 260 | |a Đồng Nai | ||
| 260 | |b Nhà xuất bản Đồng Nai | ||
| 260 | |c 1999 | ||
| 520 | |a Những quy định chung về Luật doanh nghiệp. Thành lập và đăng ký kinh doanh. Khái niệm, tổ chức, quyền và nghĩa vụ của các thành viên trong công ty trách nhiệm hữu hạn, công ty cổ phần, công ty hợp danh, doanh nghiệp tư nhân. Tổ chức lại, giải thể và phá sản doanh nghiệp. | ||
| 650 | |a Business enterprises,Commercial law | ||
| 650 | |x Law and legislation | ||
| 904 | |i Minh, 010524 | ||
| 980 | |a Trung tâm Học liệu Trường Đại học Cần Thơ | ||